000 00368nam a2200145Ia 4500
008 230312s9999||||xx |||||||||||||| ||und||
020 _a9781111130466
082 _a006.686
_bBOT-A
100 _aHaeper,M,Jeffrey
245 0 _aMastering Autodesk 3ds Max 2013
260 _bCengage
_aUSA
_c2011
300 _a30
650 _aComputer
_vComputer graphics.
942 _cBK
999 _c17164
_d17164